000 00760nam a2200217Ii 4500
003 JO-AjNU
008 230605s9999||||xx |||||||||||||| ||und||
040 _aJO-AjNU
_bara
_erda
_cJO-AjNU
041 _aara
050 1 4 _aKBP184.4.Z3922.2004
100 3 _a زيدان ،عبد الكريم ,
_eauthor
_99522
245 0 0 _aأحكام الطهارة
250 _aط1
264 3 1 _aبيروت : مؤسسة الرسالة ، 2004
300 _a168ص
336 _atext
_btxt
_2rdacontent
337 _aunmediated
_bn
_2rdamedia
338 _avolume
_bnc
_2rdacarrier
490 0 _aالمفصل في أحكام المرأة 
650 4 _aالطهارة ( فقة اسلامي ) -- العبادات ( فقة اسلامي ) -- المراة المسلمة
_99523
999 _aA1344
_c4912
_d4912